[Event "M.Chigorin Memorial 2017 "]
[Site "?????-?????????"]
[Date "2017.10.23"]
[Round "3"]
[Board "27"]
[White "Stukan, Martin"]
[Black "Palchun, Grigory"]
[Result "0-1"]
[WhiteElo "2215"]
[BlackElo "2441"]
[PlyCount "56"]
[EventDate "2017.10.21"]
[EventRounds "9"]
[EventCountry "RUS"]

1. e4 c5 2. Nf3 Nc6 3. d4 cxd4 4. Nxd4 Qb6 5. Nb3 Nf6 6. Nc3 e6 7. Qe2 Bb4 8.
Bd2 O-O 9. a3 Be7 10. O-O-O d5 11. e5 Nd7 12. f4 a6 13. g4 Nc5 14. Nxc5 Qxc5
15. Kb1 b5 16. Be3 d4 17. Ne4 Qb6 18. Bd2 Rb8 19. g5 b4 20. Nf6+ Bxf6 21. gxf6
bxa3 22. b3 g6 23. Qd3 Qc5 24. h4 Nb4 25. Bxb4 Rxb4 26. h5 Bb7 27. Rg1 Be4 28.
Qxe4 Qc3  0-1

[Event "M.Chigorin Memorial 2017 "]
[Site "?????-?????????"]
[Date "2017.10.23"]
[Round "3"]
[Board "28"]
[White "Bodnaruk, Anastasia"]
[Black "Khokhlova, Daria"]
[Result "1/2-1/2"]
[WhiteElo "2432"]
[BlackElo "2207"]
[PlyCount "172"]
[EventDate "2017.10.21"]
[EventRounds "9"]
[EventCountry "RUS"]

1. e4 c5 2. b3 d6 3. f4 e5 4. Nf3 exf4 5. Bb5+ Bd7 6. Bxd7+ Nxd7 7. O-O Be7 8.
d4 Ngf6 9. Nc3 cxd4 10. Nxd4 Rc8 11. Bb2 Ne5 12. Nf5 O-O 13. Rxf4 g6 14. Nxe7+
Qxe7 15. Qd2 Nh5 16. Rf2 Ng4 17. Nd5 Qh4 18. g3 Qd8 19. Re2 Ne5 20. Rf1 f6 21.
Kg2 Rf7 22. h3 Qd7 23. Kh2 Qe6 24. Ref2 Rcf8 25. c4 Ng7 26. Ba3 Nc6 27. Nc3 Rd8
28. Qd5 Qxd5 29. cxd5 Ne5 30. Rxf6 Rxf6 31. Rxf6 Ne8 32. Rf2 a6 33. Ne2 Rd7 34.
Nd4 Rf7 35. Rc2 Nf3+ 36. Nxf3 Rxf3 37. e5 dxe5 38. Re2 Nf6 39. Rxe5 Rf2+ 40.
Kg1 Rxa2 41. Be7 Nd7 42. Re3 Rd2 43. d6 Kf7 44. Kf1 Rd5 45. g4 h5 46. Kf2 hxg4
47. hxg4 Re5 48. Rc3 Ke6 49. Kg3 a5 50. Kh4 b5 51. Rf3 a4 52. bxa4 bxa4 53. Bg5
Ra5 54. Bd2 Rd5 55. Bb4 Rd4 56. Re3+ Kd5 57. Ba3 Rc4 58. Kg5 Kc6 59. Kxg6 Rxg4+
60. Kf7 Nb6 61. Re7 Nd7 62. Re3 Nb6 63. Re7 Nd7 64. Re2 Nb6 65. Ke6 Rg6+ 66.
Kf5 Rxd6 67. Rc2+ Kd7 68. Bxd6 Kxd6 69. Ke4 Nd7 70. Kd4 Nb6 71. Rc5 Kd7 72. Ke5
a3 73. Kd4 Kd6 74. Ra5 Kc6 75. Rxa3 Kd6 76. Rc3 Nd7 77. Rh3 Nf6 78. Ra3 Ke6 79.
Ra5 Nd7 80. Ra6+ Kf5 81. Kd5 Nf6+ 82. Kd6 Ne4+ 83. Ke7 Ke5 84. Ra5+ Kf4 85. Ke6
Ng5+ 86. Kd5 Nf3  1/2-1/2

[Event "M.Chigorin Memorial 2017 "]
[Site "?????-?????????"]
[Date "2017.10.23"]
[Round "3"]
[Board "29"]
[White "Scheglov, Dmitry"]
[Black "Dai, Changren"]
[Result "0-1"]
[WhiteElo "2155"]
[BlackElo "2425"]
[PlyCount "120"]
[EventDate "2017.10.21"]
[EventRounds "9"]
[EventCountry "RUS"]

1. e4 e5 2. Bc4 Nf6 3. d3 Nc6 4. Nf3 Bc5 5. c3 d6 6. O-O a6 7. a4 O-O 8. h3 Ba7
9. Re1 b5 10. Bb3 b4 11. Nbd2 Rb8 12. a5 h6 13. Nf1 Be6 14. Bxe6 fxe6 15. Be3
Bxe3 16. Nxe3 Nh5 17. d4 Nf4 18. d5 exd5 19. Nxd5 Kh7 20. Nxf4 Rxf4 21. g3 Rf8
22. Nh4 Rb5 23. Qd3 Qf6 24. Rf1 bxc3 25. bxc3 Nxa5 26. f4 Qe6 27. f5 Qf6 28.
Ng6 Rfb8 29. h4 Nb3 30. Rxa6 Qd8 31. Qe2 Nc5 32. Ra2 Rb1 33. Rxb1 Rxb1+ 34. Kh2
Qg8 35. Ra7 Qb8 36. Ra2 Nd7 37. Qc4 Qb6 38. Rg2 Re1 39. Kh3 Qb1 40. Re2 Rh1+
41. Rh2 Qg1 42. Qa2 h5 43. Qg2 Rxh2+ 44. Qxh2 Qxh2+ 45. Kxh2 Nc5 46. Nf8+ Kg8
47. Ng6 Kf7 48. Kg2 Nxe4 49. Kf3 Nxc3 50. g4 hxg4+ 51. Kxg4 Nd5 52. h5 Kf6 53.
Nf8 Ne3+ 54. Kf3 Nxf5 55. Nh7+ Ke6 56. Ng5+ Kd5 57. Kg4 Nh6+ 58. Kf3 c5 59. Ke2
Nf5 60. Kf3 c4  0-1

[Event "M.Chigorin Memorial 2017 "]
[Site "?????-?????????"]
[Date "2017.10.23"]
[Round "3"]
[Board "30"]
[White "Emanuel, Yahav"]
[Black "Duzhakov, Ilya"]
[Result "0-1"]
[WhiteElo "2088"]
[BlackElo "2423"]
[PlyCount "46"]
[EventDate "2017.10.21"]
[EventRounds "9"]
[EventCountry "RUS"]

1. e4 e6 2. d4 d5 3. Nc3 Bb4 4. Nge2 Nf6 5. Bg5 dxe4 6. a3 Be7 7. Bxf6 gxf6 8.
Nxe4 b6 9. Qd3 Bb7 10. O-O-O Nd7 11. g4 c6 12. Qg3 Rg8 13. Qh3 Nf8 14. Nf4 Qc7
15. Nh5 O-O-O 16. Bg2 Ng6 17. Qe3 Nh4 18. Bh3 c5 19. Rhe1 cxd4 20. Qh6 Nf3 21.
Qxh7 Nxe1 22. Rxe1 d3 23. c3 f5  0-1

[Event "M.Chigorin Memorial 2017 "]
[Site "?????-?????????"]
[Date "2017.10.23"]
[Round "3"]
[Board "31"]
[White "Alekseev, Evgeny"]
[Black "Bondarenko, Ivan"]
[Result "1-0"]
[WhiteElo "2622"]
[BlackElo "2131"]
[PlyCount "81"]
[EventDate "2017.10.21"]
[EventRounds "9"]
[EventCountry "RUS"]

1. e4 d6 2. d4 Nf6 3. Bd3 e5 4. c3 d5 5. dxe5 Nxe4 6. Nf3 Nc5 7. Bc2 Bg4 8. O-O
Be7 9. Re1 Nc6 10. Bf4 d4 11. h3 Bh5 12. Bf5 dxc3 13. Nxc3 Bxf3 14. Qxf3 Nd4
15. Qg4 Nxf5 16. Qxf5 Qd3 17. Qg4 Qg6 18. Nd5 Qxg4 19. hxg4 Ne6 20. Be3 Bd8 21.
f4 c6 22. Nc3 Bb6 23. f5 Bxe3+ 24. Rxe3 Ng5 25. Rd3 Rd8 26. Rad1 Rxd3 27. Rxd3
h5 28. Kf2 h4 29. Ne2 h3 30. gxh3 Rxh3 31. Rxh3 Nxh3+ 32. Ke3 g6 33. fxg6 fxg6
34. Nf4 Nxf4 35. Kxf4 Kf7 36. Kg5 c5 37. e6+ Ke7 38. Kxg6 b5 39. Kf5 c4 40. g5
b4 41. g6  1-0

[Event "M.Chigorin Memorial 2017 "]
[Site "?????-?????????"]
[Date "2017.10.23"]
[Round "3"]
[Board "32"]
[White "Kobalia, Mikhail"]
[Black "Karasev, Vladimir I"]
[Result "1-0"]
[WhiteElo "2596"]
[BlackElo "2339"]
[PlyCount "105"]
[EventDate "2017.10.21"]
[EventRounds "9"]
[EventCountry "RUS"]

1. e4 c5 2. Nf3 d6 3. d4 cxd4 4. Nxd4 Nf6 5. Nc3 a6 6. Be3 e5 7. Nb3 Be6 8. Qd2
Qc7 9. O-O-O Nbd7 10. f4 exf4 11. Bxf4 Ne5 12. Nd4 Rc8 13. Kb1 Be7 14. h3 O-O
15. g4 b5 16. Bd3 Nc4 17. Qe1 Nd7 18. Bxc4 Qxc4 19. Qe2 Qxe2 20. Ncxe2 Ne5 21.
Bc1 Rfe8 22. Nf4 Bf8 23. Rhf1 Nc6 24. Nf5 Rcd8 25. b3 g6 26. Bb2 Ne5 27. Nd4
Bg7 28. Ba3 Bc8 29. Nde2 Bb7 30. Ng3 a5 31. Bxd6 a4 32. Ba3 axb3 33. axb3 Nc6
34. Rxd8 Rxd8 35. Nd5 Be5 36. Ne2 Kg7 37. Nc1 Ra8 38. Bb2 Bxb2 39. Kxb2 Re8 40.
Nf6 Re6 41. g5 h6 42. h4 hxg5 43. hxg5 Re5 44. Rg1 b4 45. Nd3 Ra5 46. Ne8+ Kf8
47. Nd6 Ba6 48. Nc4 Bxc4 49. bxc4 Ke7 50. c5 Nd4 51. Rg2 Rb5 52. c3 Nc6 53. Rf2
{unreadable}  1-0

[Event "M.Chigorin Memorial 2017 "]
[Site "?????-?????????"]
[Date "2017.10.23"]
[Round "3"]
[Board "33"]
[White "Payen, Arnaud"]
[Black "Savchenko, Boris"]
[Result "1-0"]
[WhiteElo "2335"]
[BlackElo "2585"]
[PlyCount "91"]
[EventDate "2017.10.21"]
[EventRounds "9"]
[EventCountry "RUS"]

1. d4 e6 2. c4 b6 3. a3 Bb7 4. Nc3 Nf6 5. Nf3 Be7 6. Bf4 O-O 7. Rc1 d6 8. h3
Nbd7 9. e3 c5 10. dxc5 bxc5 11. Bxd6 Bxd6 12. Qxd6 Rb8 13. Nd2 Ba8 14. b3 Qa5
15. Qd3 Qxa3 16. Qc2 Rfd8 17. f3 Ne5 18. Be2 Nc6 19. Nb5 Qa5 20. Qc3 a6 21. Ra1
Qb6 22. Na3 Nh5 23. O-O Ng3 24. Rfe1 Qc7 25. Nf1 Nxe2+ 26. Rxe2 Ne5 27. f4 Ng6
28. Ng3 Qb7 29. Nc2 Qxb3 30. Qxb3 Rxb3 31. Rxa6 h6 32. Ra5 Nxf4 33. exf4 Rxg3
34. Ne3 Bf3 35. Rb2 g5 36. Kf2 gxf4 37. gxf3 Rd3 38. Ng4 Rxh3 39. Ra8+ Kh7 40.
Rb7 Rd2+ 41. Ke1 Rc2 42. Rxf7+ Kg6 43. Rf6+ Kg5 44. Rg8+ Kh4 45. Rxh6+ Kg3 46.
Nf2+  1-0

[Event "M.Chigorin Memorial 2017 "]
[Site "?????-?????????"]
[Date "2017.10.23"]
[Round "3"]
[Board "34"]
[White "Batchuluun, Tsegmed"]
[Black "Bykov, Oleg"]
[Result "1-0"]
[WhiteElo "2571"]
[BlackElo "2333"]
[PlyCount "147"]
[EventDate "2017.10.21"]
[EventRounds "9"]
[EventCountry "RUS"]

1. d4 Nf6 2. c4 g6 3. Nc3 Bg7 4. e4 d6 5. Nf3 O-O 6. Be2 e5 7. O-O Nc6 8. d5
Ne7 9. Ne1 Nd7 10. Be3 f5 11. f3 f4 12. Bf2 g5 13. Nd3 Ng6 14. c5 Nf6 15. Rc1
Rf7 16. Kh1 h5 17. Nb5 g4 18. cxd6 cxd6 19. Nxa7 Bd7 20. Qb3 g3 21. Bb6 Qe7 22.
Nb5 Ne8 23. Nc7 Ba4 24. Nxa8 Bxb3 25. axb3 gxh2 26. Rc8 Rf8 27. Rfc1 Nf6 28.
R1c7 Rxc8 29. Rxc8+ Kh7 30. Nf2 Nd7 31. Bd8 Qf8 32. Nc7 Ne7 33. Ne6 Nxc8 34.
Nxf8+ Bxf8 35. Bb5 Nb8 36. Bc7 Na6 37. Bxa6 bxa6 38. Nd3 Na7 39. Nb4 Nb5 40.
Nxa6 Kg6 41. Kxh2 Be7 42. Bb8 Kf7 43. Kg1 Ke8 44. Nc7+ Nxc7 45. Bxc7 Kd7 46.
Ba5 Kc8 47. b4 Kb7 48. b5 Bh4 49. Kf1 Be7 50. Kg1 Bh4 51. Kh2 Kc8 52. Kh3 Be7
53. Be1 Bd8 54. Bh4 Bb6 55. Be7 Kd7 56. Bf8 Bf2 57. b6 Bxb6 58. Kh4 Bd4 59. b4
Bc3 60. b5 Bd4 61. Kxh5 Bf2 62. Kg6 Bg1 63. Kf7 Bd4 64. Be7 Bf2 65. Bg5 Bb6 66.
Bh4 Bc5 67. Kf8 Bd4 68. Be1 Bb6 69. Kf7 Bd4 70. Ba5 Bc5 71. b6 Kc8 72. Ke6 Kb7
73. Kd7 Ba3 74. Be1  1-0

[Event "M.Chigorin Memorial 2017 "]
[Site "?????-?????????"]
[Date "2017.10.23"]
[Round "3"]
[Board "35"]
[White "Pridorozhni, Aleksei"]
[Black "Vaishali, R"]
[Result "1-0"]
[WhiteElo "2565"]
[BlackElo "2330"]
[PlyCount "63"]
[EventDate "2017.10.21"]
[EventRounds "9"]
[EventCountry "RUS"]

1. e4 c6 2. Nc3 d5 3. d4 dxe4 4. Nxe4 Nf6 5. Nxf6+ exf6 6. Bc4 Bd6 7. Qe2+ Qe7
8. Qxe7+ Kxe7 9. Ne2 Bf5 10. c3 Nd7 11. Bf4 Bxf4 12. Nxf4 Rhe8 13. O-O-O a5 14.
Rhe1+ Kf8 15. Bd3 Bxd3 16. Nxd3 Rxe1 17. Rxe1 Re8 18. Rxe8+ Kxe8 19. a4 Ke7 20.
Kc2 Kd6 21. c4 b6 22. Kc3 c5 23. d5 Ne5 24. Nf4 g6 25. h3 f5 26. Nd3 Nxd3 27.
Kxd3 h5 28. h4 f6 29. Ke3 g5 30. f3 Ke7 31. g4 fxg4 32. fxg4  1-0

[Event "M.Chigorin Memorial 2017 "]
[Site "?????-?????????"]
[Date "2017.10.23"]
[Round "3"]
[Board "36"]
[White "Lintchevski, Daniil"]
[Black "Soumya, Swaminathan"]
[Result "1/2-1/2"]
[WhiteElo "2560"]
[BlackElo "2320"]
[PlyCount "81"]
[EventDate "2017.10.21"]
[EventRounds "9"]
[EventCountry "RUS"]

1. Nf3 d5 2. d4 Nf6 3. c4 c6 4. e3 Bg4 5. h3 Bh5 6. Nc3 e6 7. g4 Bg6 8. Ne5
Nbd7 9. Nxg6 hxg6 10. g5 Ng8 11. h4 Ne7 12. cxd5 exd5 13. Bh3 Nf5 14. Bxf5 gxf5
15. Qf3 g6 16. Bd2 Bd6 17. O-O-O Rh5 18. Ne2 Qe7 19. Nf4 Bxf4 20. Qxf4 O-O-O
21. f3 Re8 22. a3 Nb6 23. Rde1 Nc4 24. Bb4 Qc7 25. b3 a5 26. Bc5 b6 27. Qxc7+
Kxc7 28. bxc4 bxc5 29. dxc5 Reh8 30. cxd5 cxd5 31. e4 fxe4 32. fxe4 Rxh4 33.
Rxh4 Rxh4 34. Rf1 Rxe4 35. Rxf7+ Kc6 36. Rf6+ Kxc5 37. Rxg6 Re2 38. Rg8 Rg2 39.
g6 Kb5 40. g7 Ka4 41. Rd8  1/2-1/2

[Event "M.Chigorin Memorial 2017 "]
[Site "?????-?????????"]
[Date "2017.10.23"]
[Round "3"]
[Board "37"]
[White "Xu, Minghui"]
[Black "Ismagambetov, Anuar"]
[Result "0-1"]
[WhiteElo "2318"]
[BlackElo "2553"]
[PlyCount "86"]
[EventDate "2017.10.21"]
[EventRounds "9"]
[EventCountry "RUS"]

1. d4 Nf6 2. c4 g6 3. Nc3 Bg7 4. e4 d6 5. Be2 O-O 6. Be3 e5 7. d5 a5 8. g4 Na6
9. h4 Nc5 10. f3 h5 11. g5 Nh7 12. Nh3 Bd7 13. Qd2 Qe7 14. O-O-O a4 15. Rdg1
Kh8 16. Kb1 Rg8 17. Nf2 Rgb8 18. Nd3 Nxd3 19. Qxd3 Rg8 20. Bf1 f6 21. Bh3 fxg5
22. Bxd7 Qxd7 23. hxg5 Rgf8 24. Rg3 Kg8 25. Qd1 a3 26. b3 Rf4 27. Nb5 Qe7 28.
Nd4 exd4 29. Bxf4 Rf8 30. Qc1 Bh8 31. Rd1 d3 32. Rxd3 Qg7 33. e5 Qe7 34. Rg2 h4
35. Re2 h3 36. Bd2 dxe5 37. Qh1 Qd7 38. f4 exf4 39. Re6 Qf7 40. Qe4 f3 41. Be3
f2 42. Rxg6+ Bg7 43. Rd1 f1=Q  0-1

[Event "M.Chigorin Memorial 2017 "]
[Site "?????-?????????"]
[Date "2017.10.23"]
[Round "3"]
[Board "38"]
[White "Timofeev, Artyom"]
[Black "Borisovsky, Dmitry"]
[Result "1-0"]
[WhiteElo "2549"]
[BlackElo "2304"]
[PlyCount "71"]
[EventDate "2017.10.21"]
[EventRounds "9"]
[EventCountry "RUS"]

1. d4 Nf6 2. c4 g6 3. Nc3 d5 4. cxd5 Nxd5 5. e4 Nxc3 6. bxc3 Bg7 7. Bb5+ Nd7 8.
Nf3 c5 9. O-O a6 10. Bd3 O-O 11. Bg5 b5 12. Qd2 Nb6 13. Bh6 Bb7 14. h4 cxd4 15.
cxd4 Rc8 16. Bxg7 Kxg7 17. d5 Qd6 18. a4 b4 19. a5 Nc4 20. Qe2 Na3 21. Qb2+ Kg8
22. Rxa3 bxa3 23. Qxb7 Rc3 24. Bxa6 Rb8 25. Qa7 a2 26. Nd2 Rb4 27. h5 gxh5 28.
Nc4 Qf4 29. Ne3 Rb1 30. d6 Qxd6 31. Nf5 Qc7 32. Qd4 e5 33. Qd2 f6 34. Qxa2+
Rbb3 35. Ne3 Qb8 36. Bc4+  1-0

[Event "M.Chigorin Memorial 2017 "]
[Site "?????-?????????"]
[Date "2017.10.23"]
[Round "3"]
[Board "39"]
[White "Martynyuk, Elizaveta"]
[Black "Sarana, Alexey"]
[Result "0-1"]
[WhiteElo "2302"]
[BlackElo "2543"]
[PlyCount "54"]
[EventDate "2017.10.21"]
[EventRounds "9"]
[EventCountry "RUS"]

1. e4 c5 2. Nf3 d6 3. d4 cxd4 4. Nxd4 Nf6 5. Nc3 a6 6. Be3 e5 7. Nb3 Be6 8. f3
Nbd7 9. Qd2 b5 10. O-O-O h5 11. Nd5 Rc8 12. Kb1 Bxd5 13. exd5 Nb6 14. Bxb6 Qxb6
15. Bd3 g6 16. Qe2 Bg7 17. f4 O-O 18. f5 e4 19. fxg6 exd3 20. Qxd3 Ng4 21. Rhf1
Nf2 22. gxf7+ Rxf7 23. Qg6 Rf6 24. Qg5 Nxd1 25. Rxf6 Qg1 26. Nc1 Qd4 27. c3
Qxf6  0-1

[Event "M.Chigorin Memorial 2017 "]
[Site "?????-?????????"]
[Date "2017.10.23"]
[Round "3"]
[Board "40"]
[White "Zhai, Mo"]
[Black "Tsydypov, Zhamsaran"]
[Result "0-1"]
[WhiteElo "2300"]
[BlackElo "2529"]
[PlyCount "98"]
[EventDate "2017.10.21"]
[EventRounds "9"]
[EventCountry "RUS"]

1. d4 d5 2. c4 e6 3. Nf3 c6 4. cxd5 exd5 5. Nc3 Nf6 6. Bg5 Be7 7. Qc2 Na6 8. a3
g6 9. e3 Bf5 10. Bd3 Bxd3 11. Qxd3 Nc7 12. O-O Ne6 13. Bh4 O-O 14. b4 a6 15.
Rab1 Ng7 16. a4 Nf5 17. Bxf6 Bxf6 18. b5 axb5 19. axb5 Ra3 20. Ra1 Qa5 21. Rxa3
Qxa3 22. Qc2 Qa5 23. bxc6 bxc6 24. Na4 Rc8 25. Nc5 Nd6 26. Nd2 Be7 27. Rb1 Nb5
28. Ndb3 Qd8 29. Rc1 Bd6 30. g3 Qe7 31. Qa2 h5 32. Qa6 Qe8 33. Na5 h4 34. gxh4
Kg7 35. h3 Bxc5 36. Rxc5 Nd6 37. Rc1 Ne4 38. Qe2 Qd8 39. Qe1 Qxh4 40. f3 Qxh3
41. fxe4 Rh8 42. Kf2 Qh2+ 43. Kf1 Rh3 44. Qf2 Qh1+ 45. Qg1 Qf3+ 46. Ke1 Rh1 47.
Qxh1 Qxh1+ 48. Kd2 Qg2+ 49. Kc3 Qxe4  0-1

[Event "M.Chigorin Memorial 2017 "]
[Site "?????-?????????"]
[Date "2017.10.23"]
[Round "3"]
[Board "41"]
[White "Vasilyev, Vasily"]
[Black "Bellaiche, Anthony"]
[Result "0-1"]
[WhiteElo "2291"]
[BlackElo "2493"]
[PlyCount "97"]
[EventDate "2017.10.21"]
[EventRounds "9"]
[EventCountry "RUS"]

1. d4 d5 2. Nf3 Nf6 3. g3 c6 4. Bg2 Bf5 5. O-O e6 6. c4 Nbd7 7. Nc3 dxc4 8. Nh4
Bg4 9. h3 Bh5 10. g4 Bg6 11. Nxg6 hxg6 12. e4 e5 13. Be3 exd4 14. Bxd4 Nc5 15.
e5 Nd3 16. exf6 Qxd4 17. Re1+ Kd7 18. Qd2 Bc5 19. Ne4 Bb4 20. Qe3 Qxe3 21. Rxe3
gxf6 22. b3 f5 23. Nf6+ Kc7 24. bxc4 Rad8 25. Rb1 Bc5 26. Nd5+ Rxd5 27. cxd5
Bxe3 28. fxe3 fxg4 29. dxc6 bxc6 30. hxg4 Ne5 31. Rb4 g5 32. Ra4 Ra8 33. Kf2 a5
34. Re4 f6 35. Ra4 Ra7 36. Kg3 Kb6 37. Rd4 Rd7 38. Bf1 c5 39. Rxd7 Nxd7 40. Kf3
Ne5+ 41. Ke4 Nxg4 42. Be2 Nh6 43. Kd5 Nf5 44. e4 Ne3+ 45. Ke6 c4 46. Kxf6 c3
47. Bd3 g4 48. e5 g3 49. e6  0-1

[Event "M.Chigorin Memorial 2017 "]
[Site "?????-?????????"]
[Date "2017.10.23"]
[Round "3"]
[Board "42"]
[White "Lomasov, Semen"]
[Black "Klepikov, Nikita"]
[Result "1-0"]
[WhiteElo "2490"]
[BlackElo "2272"]
[PlyCount "85"]
[EventDate "2017.10.21"]
[EventRounds "9"]
[EventCountry "RUS"]

1. e4 c5 2. Nf3 d6 3. d4 cxd4 4. Nxd4 Nf6 5. Nc3 g6 6. Be3 Bg7 7. f3 O-O 8. Qd2
Nc6 9. Bc4 Bd7 10. O-O-O Rb8 11. Bb3 Na5 12. h4 b5 13. Bh6 Bxh6 14. Qxh6 e5 15.
Nde2 b4 16. Nd5 Nxb3+ 17. cxb3 Nxd5 18. Rxd5 Rb6 19. Kb1 Be6 20. Rd2 Ra6 21.
Nc1 Qe7 22. g4 Rc8 23. Qe3 Qd8 24. Rhd1 Qa5 25. Rc2 Rxc2 26. Kxc2 Rc6+ 27. Kb1
f6 28. Qd2 Qb6 29. Nd3 a5 30. Ne1 Bc8 31. Nc2 Be6 32. Ne3 Qb5 33. Nd5 Kg7 34.
g5 f5 35. Nf6 fxe4 36. fxe4 Qc5 37. h5 Bf7 38. h6+ Kh8 39. Rc1 Qb5 40. Rxc6
Qxc6 41. Qf2 Qc7 42. Nd5 Bxd5 43. Qf8+  1-0

[Event "M.Chigorin Memorial 2017 "]
[Site "?????-?????????"]
[Date "2017.10.23"]
[Round "3"]
[Board "43"]
[White "Murzin, Volodar"]
[Black "Usmanov, Vasily"]
[Result "0-1"]
[WhiteElo "2270"]
[BlackElo "2463"]
[PlyCount "80"]
[EventDate "2017.10.21"]
[EventRounds "9"]
[EventCountry "RUS"]

1. e4 c5 2. Nf3 Nc6 3. g3 Nf6 4. d3 d5 5. exd5 Nxd5 6. Bg2 e5 7. O-O Be7 8. Re1
f6 9. Nc3 Be6 10. Nxd5 Bxd5 11. Be3 O-O 12. Bd2 Qd7 13. a4 Rad8 14. Bc3 Rfe8
15. Nd2 Bf7 16. a5 Nb4 17. Bxb4 cxb4 18. Qf3 Rc8 19. Nc4 Rc7 20. h4 Rd8 21. b3
Bc5 22. g4 b5 23. axb6 axb6 24. Ra2 Be6 25. Re4 Bd5 26. Nd2 Ra8 27. Rxa8+ Bxa8
28. Bh3 Qe7 29. Bf1 Bd4 30. Rxe5 fxe5 31. Qxa8+ Qf8 32. Qg2 Rxc2 33. Ne4 Qf4
34. h5 h6 35. Kh1 Bxf2 36. d4 exd4 37. Nf6+ Qxf6 38. Qd5+ Kf8 39. Qa8+ Ke7 40.
Qb7+ Kd8  0-1

[Event "M.Chigorin Memorial 2017 "]
[Site "?????-?????????"]
[Date "2017.10.23"]
[Round "3"]
[Board "44"]
[White "Solozhenkin, Evgeniy"]
[Black "Grinblat, Artemiy"]
[Result "1-0"]
[WhiteElo "2459"]
[BlackElo "2268"]
[PlyCount "65"]
[EventDate "2017.10.21"]
[EventRounds "9"]
[EventCountry "RUS"]

1. e4 e6 2. d4 d5 3. Nc3 Nf6 4. e5 Nfd7 5. f4 c5 6. Nf3 Nc6 7. Be3 Be7 8. Qd2
O-O 9. dxc5 Nxc5 10. O-O-O Qa5 11. Kb1 a6 12. Nd4 Qc7 13. Qf2 Ne4 14. Nxe4 dxe4
15. Ne2 Nb4 16. Nc3 Qc6 17. a3 Nd5 18. Nxd5 exd5 19. f5 Re8 20. Bd4 Bf8 21. g4
Qc7 22. Be2 Bd7 23. c4 dxc4 24. Bb6 Qxe5 25. Rxd7 e3 26. Qf3 Qb5 27. Qd5 Qxb6
28. Qxf7+ Kh8 29. Bxc4 Be7 30. Rxe7 Rxe7 31. Qxe7 Qc6 32. Rc1 Re8 33. Qf7  1-0

[Event "M.Chigorin Memorial 2017 "]
[Site "?????-?????????"]
[Date "2017.10.23"]
[Round "3"]
[Board "45"]
[White "Yakubboev, Nodirbek"]
[Black "Marinskii, Yurii"]
[Result "1-0"]
[WhiteElo "2437"]
[BlackElo "2238"]
[PlyCount "123"]
[EventDate "2017.10.21"]
[EventRounds "9"]
[EventCountry "RUS"]

1. e4 c5 2. Nf3 d6 3. d4 cxd4 4. Nxd4 Nf6 5. Nc3 g6 6. Be3 Bg7 7. f3 O-O 8. Qd2
d5 9. e5 Ne8 10. f4 f6 11. Nf3 Nc6 12. Qxd5+ Qxd5 13. Nxd5 fxe5 14. Nxe5 Bxe5
15. fxe5 e6 16. Nf6+ Nxf6 17. exf6 Rxf6 18. O-O-O e5 19. Bc4+ Kg7 20. Rd2 Bf5
21. Rhd1 Re8 22. Bg5 Nd4 23. Bxf6+ Kxf6 24. c3 Rc8 25. b3 b5 26. cxd4 bxc4 27.
dxe5+ Kxe5 28. bxc4 Rxc4+ 29. Kb2 h5 30. Rc1 Rb4+ 31. Ka3 Rb6 32. Rc7 Ra6+ 33.
Kb4 Kf4 34. Re7 Bc8 35. a4 Rb6+ 36. Kc5 Bb7 37. g3+ Kg4 38. Rd6 Rb2 39. Rxg6+
Kh3 40. Rh7 Bf3 41. Rxa7 Kxh2 42. a5 Bg4 43. a6 Kxg3 44. Rf7 Rc2+ 45. Kd4 Rd2+
46. Kc3 Rd8 47. a7 Ra8 48. Kd4 Rh8 49. Rb6 Rd8+ 50. Kc5 Rc8+ 51. Kb4 Ra8 52.
Rb8 Rxa7 53. Rxa7 h4 54. Rh8 h3 55. Rah7 Bf5 56. Rh6 Kg2 57. Kc3 Bd7 58. Kd2
Bf5 59. Ke3 Bd7 60. Rg6+ Kh1 61. Kf2 h2 62. Rg1#  1-0

[Event "M.Chigorin Memorial 2017 "]
[Site "?????-?????????"]
[Date "2017.10.23"]
[Round "3"]
[Board "46"]
[White "Kozionov, Kirill"]
[Black "Travkina, Anastasia"]
[Result "1/2-1/2"]
[WhiteElo "2433"]
[BlackElo "2221"]
[PlyCount "74"]
[EventDate "2017.10.21"]
[EventRounds "9"]
[EventCountry "RUS"]

1. d4 d5 2. c4 c6 3. Nf3 Nf6 4. Nbd2 Bf5 5. Nh4 Be4 6. Qb3 Qc8 7. Nxe4 dxe4 8.
g4 Nxg4 9. Bh3 h5 10. Bg5 e6 11. f3 exf3 12. exf3 Nf6 13. d5 cxd5 14. cxd5 Qc5
15. dxe6 Qxg5 16. Nf5 fxe6 17. Qxe6+ Kd8 18. Rd1+ Nbd7 19. Ke2 Rc8 20. Nd4 Qe5+
21. Qxe5 Nxe5 22. Bxc8 Kxc8 23. Rhg1 Nc6 24. Nf5 Ne8 25. Rg6 h4 26. Re6 Nc7 27.
Re4 Rh5 28. Ne3 Bc5 29. Ng4 Rf5 30. a3 a5 31. Rd2 Nd5 32. Rc4 Nf4+ 33. Kf1 Ne6
34. Kg2 Nf4+ 35. Kf1 Ne6 36. Kg2 Nf4+ 37. Kf1 Ne6  1/2-1/2

[Event "M.Chigorin Memorial 2017 "]
[Site "?????-?????????"]
[Date "2017.10.23"]
[Round "3"]
[Board "47"]
[White "Korennoi, Viktor"]
[Black "Nechaeva, Marina"]
[Result "1-0"]
[WhiteElo "2227"]
[BlackElo "2431"]
[PlyCount "111"]
[EventDate "2017.10.21"]
[EventRounds "9"]
[EventCountry "RUS"]

1. d4 d5 2. c4 c6 3. Nc3 Nf6 4. Nf3 e6 5. Bg5 Nbd7 6. e3 Qa5 7. cxd5 exd5 8.
Bd3 Ne4 9. O-O Nxg5 10. Nxg5 Nf6 11. e4 h6 12. Nxf7 Kxf7 13. e5 Qd8 14. exf6
Qxf6 15. Re1 Bd6 16. Qb3 Rd8 17. Rad1 Kf8 18. Bb1 Rb8 19. Rd3 Bg4 20. h3 Bh5
21. Ne2 Kg8 22. g4 Rf8 23. f4 Bg6 24. Rf3 Bxb1 25. Rxb1 Rbe8 26. Qd3 Re4 27.
Rbf1 Rfe8 28. R1f2 Bc7 29. Qd2 Bb6 30. Rd3 c5 31. Nc3 c4 32. Nxe4 Rxe4 33. Re3
Qxd4 34. Qxd4 Rxd4 35. Kg2 Kf7 36. Re1 Bc5 37. f5 b5 38. a3 Rd3 39. Rfe2 Rb3
40. Rd2 d4 41. Re5 Bb6 42. Rd5 d3 43. Kf1 Be3 44. Rg2 c3 45. Rd7+ Kg8 46. Rxd3
Bd2 47. bxc3 Bxc3 48. Rc2 Rb1+ 49. Kg2 Bf6 50. Rc8+ Kh7 51. Re3 h5 52. g5 Bxg5
53. Ree8 Rb2+ 54. Kf1 Rb1+ 55. Ke2 Rb2+ 56. Kd3  1-0

[Event "M.Chigorin Memorial 2017 "]
[Site "?????-?????????"]
[Date "2017.10.23"]
[Round "3"]
[Board "48"]
[White "Gogolev, Artem"]
[Black "Hakobyan, Hovhannes H."]
[Result "1/2-1/2"]
[WhiteElo "2427"]
[BlackElo "2212"]
[PlyCount "62"]
[EventDate "2017.10.21"]
[EventRounds "9"]
[EventCountry "RUS"]

1. Nf3 Nf6 2. g3 g6 3. b3 d5 4. Bb2 c5 5. Bg2 Bg7 6. O-O O-O 7. c4 d4 8. b4 Nc6
9. b5 Na5 10. d3 Re8 11. Nbd2 e5 12. Nb3 Nxb3 13. Qxb3 e4 14. Ng5 Bf5 15. Rad1
Qc8 16. Qc2 e3 17. fxe3 Rxe3 18. Bc1 Re7 19. Rde1 Qd7 20. h3 h6 21. g4 Bxg4 22.
hxg4 hxg5 23. Bxg5 Nxg4 24. Bh3 Qc7 25. Bxg4 Qg3+ 26. Kh1 Qxg4 27. Bxe7 Qh3+
28. Kg1 Qg3+ 29. Kh1 Qh3+ 30. Kg1 Qg3+ 31. Kh1 Qh3+  1/2-1/2

[Event "M.Chigorin Memorial 2017 "]
[Site "?????-?????????"]
[Date "2017.10.23"]
[Round "3"]
[Board "49"]
[White "Moksh, Amit Doshi"]
[Black "Sadovsky, Artem"]
[Result "0-1"]
[WhiteElo "2222"]
[BlackElo "2407"]
[PlyCount "134"]
[EventDate "2017.10.21"]
[EventRounds "9"]
[EventCountry "RUS"]

1. e4 g6 2. d4 Bg7 3. Nf3 d6 4. Bc4 e6 5. O-O Ne7 6. Qe2 Nd7 7. c3 a6 8. Bf4 h6
9. h3 b6 10. Nbd2 Bb7 11. a4 O-O 12. Rfe1 g5 13. Bg3 Ng6 14. e5 dxe5 15. dxe5
Ndxe5 16. Nxe5 Nxe5 17. Bxe5 Bxe5 18. Qxe5 Qxd2 19. Qxc7 Qf4 20. Qxb7 Qxc4 21.
Re4 Qc5 22. Rd1 b5 23. axb5 Rfb8 24. Qd7 Qxb5 25. Qxb5 Rxb5 26. Rd2 Rab8 27.
Ra4 Rxb2 28. Rxb2 Rxb2 29. Rxa6 Kg7 30. g3 Rc2 31. Rc6 h5 32. Kg2 g4 33. hxg4
hxg4 34. Rc4 f5 35. Rc6 Kf6 36. Rc5 Ke7 37. Kf1 Kd6 38. Rc8 Kd5 39. Kg2 e5 40.
Rf8 Ke4 41. Rc8 Rc1 42. Rc5 f4 43. gxf4 exf4 44. Rc4+ Kf5 45. Rc5+ Kf6 46. Rc4
Kg5 47. Rc8 f3+ 48. Kh2 Rf1 49. Rg8+ Kf4 50. Rf8+ Ke4 51. Kg3 Rg1+ 52. Kh4 g3
53. fxg3 Ke3 54. Re8+ Kd3 55. Rd8+ Ke2 56. Re8+ Kf1 57. g4 Kg2 58. g5 f2 59.
Rf8 f1=Q 60. Rxf1 Kxf1 61. Kh5 Ke2 62. g6 Ke3 63. Kh6 Ke4 64. g7 Kf5 65. Kh7
Rh1+ 66. Kg8 Kg6 67. Kf8 Rf1+  0-1